| 000 | 01054cam a22002894a 4500 | ||
|---|---|---|---|
| 008 | |||
| 020 | _a9780415958585 (pbk.) | ||
| 049 | _aMAIN | ||
| 090 |
_aLC149.7 _bTRA |
||
| 245 | 0 | 0 |
_aTracking adult literacy and numeracy skills : _bfindings from longitudinal research / _cedited by Stephen Reder and John Bynner. |
| 250 | _a1st ed. | ||
| 260 |
_aNew York : _bRoutledge, _c2009. |
||
| 300 |
_axvii, 391 p. : _bill. ; _c24 cm. |
||
| 490 | 1 |
_aRoutledge research in education ; _v19. |
|
| 500 | _aIncludes index. | ||
| 504 | _aIncludes bibliographical references. | ||
| 650 | 0 |
_aFunctional literacy _zEnglish-speaking countries _vLongitudinal studies. |
|
| 650 | 0 |
_aNumeracy _zEnglish-speaking countries _vLongitudinal studies. |
|
| 650 | 0 |
_aAdult education _zEnglish-speaking countries _vLongitudinal studies. |
|
| 700 | 1 | _aReder, Stephen. | |
| 700 | 1 | _aBynner, John. | |
| 907 |
_a.b1032060x _b24-05-13 _c12-10-12 |
||
| 003 | |||
| 005 | 20230123125457.0 | ||
| 040 | _cNUST | ||
| 942 |
_cBOOKS _kLC149.7 _mTRA |
||
| 999 |
_c142196 _d142196 |
||